[Event "GER-chT North U12"]
[Site "Magdeburg"]
[Date "2013.09.14"]
[Round "6.2"]
[White "Keyser, Robin"]
[Black "Murzin, Alexander"]
[Result "1-0"]
[WhiteElo "956"]
[BlackElo "1041"]
[PlyCount "115"]
[EventDate "2013.09.12"]
[EventType "team-swiss"]
[EventRounds "7"]
[EventCountry "GER"]
[SourceTitle "EXT 2014"]
[Source "ChessBase"]
[SourceDate "2013.11.20"]
[SourceVersion "1"]
[SourceVersionDate "2013.11.20"]
[SourceQuality "1"]
[WhiteTeam "Hamburg Eppendorf"]
[BlackTeam "Weissenfels Roland"]
[WhiteTeamCountry "GER"]
[BlackTeamCountry "GER"]

1. d4 d5 2. c4 dxc4 3. Nf3 Nf6 4. Nc3 Bg4 5. e3 e6 6. Be2 Bb4 7. 0-0 0-0 8. h3 Bh5 9. Bxc4 Bxc3 10. bxc3 Nc6 11. Ba3 Re8 12. Be2 Ne4 13. Qc2 Bg6 14. Bd3 Nf6 15. Bc1 Bxd3 16. Qxd3 Qd7 17. e4 Rad8 18. Bg5 h6 19. Bh4 Rc8 20. Rad1 Ne7 21. Ne5 Qd8 22. Rfe1 Nd7 23. Nxd7 Qxd7 24. Qg3 Ng6 25. Qg4 Rcd8 26. Bxd8 Rxd8 27. d5 e5 28. Qxd7 Rxd7 29. g3 Rd6 30. Rf1 Ra6 31. Rd2 Ra3 32. Rc2 b5 33. Rd1 Ra6 34. Rb1 Rb6 35. a4 a6 36. axb5 axb5 37. Rcb2 Rd6 38. Rxb5 Ne7 39. c4 Nc8 40. Rb8 Rd8 41. c5 Rf8 42. Rd1 Ne7 43. Rxf8+ Kxf8 44. f4 exf4 45. gxf4 Ng6 46. f5 Nf4 47. Kh2 Ne2 48. e5 Nc3 49. Rd3 Ne4 50. c6 Ke8 51. d6 cxd6 52. exd6 Kd8 53. d7 Nc5 54. c7+ Kxc7 55. d8Q+ Kb7 56. Rd6 Na6 57. Qb6+ Kc8 58. Rd8# 1-0